| 000 | 00503nam a2200169 a 4500 | ||
|---|---|---|---|
| 001 | 5385 | ||
| 003 | CDMR | ||
| 005 | 20130228164639.0 | ||
| 008 | 130130s2005||||||||||||||||||||||||||||d | ||
| 020 | _a8445341332 | ||
| 040 |
_aCDMR _bcat _cCDMR |
||
| 111 | 2 |
_93020 _aOutono Fotográfico _cOurense _d2005 |
|
| 245 | 1 | 0 |
_aOutono Fotográfico 2005 _ccoordina Casa da Xuventude de Ourense |
| 260 |
_aOurense _c2005 _bXunta de Galicia |
||
| 500 | _aCatàleg de les exposicions de l'edició de 2005 | ||
| 942 |
_cMON _2ddc |
||
| 999 |
_c5385 _d5385 |
||